The Bharatiya Nyaya Sanhita, 2023 (45 of 2023 & TheIndian Penal Code (45 of 1860)/ (Record no. 206112)

MARC details
000 -LEADER
fixed length control field 00704nam a22001937a 4500
005 - DATE AND TIME OF LATEST TRANSACTION
control field 20241004143638.0
010 ## - LCCN (DPL NO)
LC control number ENG-141905
020 ## - INTERNATIONAL STANDARD BOOK NUMBER
Terms of availability 525.00
International Standard Book Number 9788119403578
035 ## - SYSTEM CONTROL NUMBER
System control number EN-125437
037 ## - SOURCE OF ACQUISITION
Source of stock number/acquisition DBAD
082 ## - DEWEY DECIMAL CLASSIFICATION NUMBER
Classification number 345.405002632
Edition number 1
100 ## - MAIN ENTRY--PERSONAL NAME
Personal name Maheshwari, Bharat P.
245 ## - TITLE STATEMENT
Title The Bharatiya Nyaya Sanhita, 2023 (45 of 2023 & TheIndian Penal Code (45 of 1860)/
Statement of responsibility, etc By Bharat P. Maheshwari
260 ## - PUBLICATION, DISTRIBUTION, ETC. (IMPRINT)
Name of publisher, distributor, etc Lexis Nexis
Date of publication, distribution, etc 2024
Place of publication, distribution, etc Gurgaon
270 ## - ADDRESS
Address 14th Floor; Building No. 10 Tower -B , DLF Cyber City ,Phase-II
City Gurgaon
Postal code 122002
Telephone number +91-124-4774444
Fax number +91-124-4774100
300 c# - PHYSICAL DESCRIPTION
Extent 358p.
Dimensions 24cm(pb)
500 i# - GENERAL NOTE
General note Includes index
942 ## - ADDED ENTRY ELEMENTS (KOHA)
Source of classification or shelving scheme Dewey Decimal Classification
Item type English Books
Call number suffix MAH
Classification part 345.405002632
Holdings
Withdrawn status Lost status Not for loan Collection code Home library Current library Date acquired Source of acquisition Cost, normal purchase price Full call number Barcode Copy number Cost, replacement price Koha item type
      Non-fiction Janak Puri Janak Puri 04/10/2024 Delivery of Books Act Division 525.00 MAH 345.405002632 EN-125437 1 525.00 English Books

© Delhi Public Library
Hit Counter
free hit counter